The stakeholder balance sheet : profiting from really understanding your market /

This book provides an as yet unavailable tool, the Stakeholder Balance Sheet, enablingmanagers within any organisation to unlock the DNA of the market place in which they operate and to measure their effectiveness in understanding their markets and all the key stakeholders operating within them. Thi...

Full description

Bibliographic Details
Main Author: Suntook, Farrokh
Other Authors: Murphy, John A., 1948-
Format: eBook
Language:English
Language Notes:English.
Published: Chichester, England ; Hoboken, NJ : Wiley, ©2008.
Subjects:
Online Access:Connect to the full text of this electronic book

MARC

Tag First Indicator Second Indicator Subfields
LEADER 00000nam a2200000 a 4500
001 in00004684921
006 m o d
007 cr cnu---unuuu
008 100517s2008 enka ob 001 0 eng d
005 20260214233355.3
010 |z  2008033255 
020 |a 9781119206132  |q (electronic bk.) 
020 |a 1119206138  |q (electronic bk.) 
020 |a 9780470740590  |q (electronic bk.) 
020 |a 0470740590  |q (electronic bk.) 
020 |z 9780470712160  |q (cloth ;  |q alk. paper) 
020 |z 0470712163  |q (cloth ;  |q alk. paper) 
020 |a 1282551175 
020 |a 9781282551176 
020 |a 9786612551178 
020 |a 6612551178 
035 |a wil6007436 
035 |a (NhCcYBP)wil6007436 
040 |a NhCcYBP  |b eng  |c NhCcYBP 
050 4 |a HD2744  |b .S86 2008eb 
072 7 |a BUS  |x 036000  |2 bisacsh 
082 0 4 |a 332.63/2042  |2 22 
084 |a 85.10  |2 bcl 
084 |a 85.25  |2 bcl 
100 1 |a Suntook, Farrokh. 
245 1 4 |a The stakeholder balance sheet :  |b profiting from really understanding your market /  |c Farrokh Suntook and John A. Murphy. 
260 |a Chichester, England ;  |a Hoboken, NJ :  |b Wiley,  |c ©2008. 
300 |a 1 online resource (xxiv, 310 pages) :  |b illustrations 
336 |a text  |b txt  |2 rdacontent 
337 |a computer  |b c  |2 rdamedia 
338 |a online resource  |b cr  |2 rdacarrier 
504 |a Includes bibliographical references (pages 293-297) and index. 
505 0 |a The 9 point plan for sustaining and growing your market profitably -- In the beginning was--segmentation! -- Delving into the mind of the market : understanding the real stakeholder drivers -- From customer satisfaction and branding to loyalty and attraction -- Decision-making dynamics -- Staff motivation and perceptions -- Who else should be on your radar screen : the role and motivation of other external stakeholders and influencers -- Communicate (and communicate and communicate-- ) -- Constant renewal : searching for winning new product of service propositions -- An ongoing process : monitoring your performance -- Conclusion : the 9 point plan revisited. 
588 0 |a Print version record. 
520 |a This book provides an as yet unavailable tool, the Stakeholder Balance Sheet, enablingmanagers within any organisation to unlock the DNA of the market place in which they operate and to measure their effectiveness in understanding their markets and all the key stakeholders operating within them. This simple tool provides self-testing checklists at the end of each chapter that enables managers to look at stakeholder-sensitive issues in the same way that they might scrutinise financial statements (hence it will not seem alien to most managers). 
546 |a English. 
650 0 |a Stockholders. 
650 0 |a Corporations  |x Investor relations. 
700 1 |a Murphy, John A.,  |d 1948- 
776 0 8 |i Print version:  |a Suntook, Farrokh.  |t Stakeholder balance sheet.  |d Chichester, England ; Hoboken, NJ : Wiley, ©2008  |z 9780470712160  |w (DLC) 2008033255 
856 4 0 |u http://proxy.library.tamu.edu/login?url=https://onlinelibrary.wiley.com/book/10.1002/9781119206132  |z Connect to the full text of this electronic book  |t 0 
955 |a Wiley EBA record 
975 |p Wiley UBCM Full Collection 2026 
999 f f |s 8f97c8a5-b774-46fd-9480-032cf26665c9  |i ed0bfd50-4791-4622-8874-5f19b5f93b6b  |t 0 
952 f f |a Texas A&M University  |b College Station  |c Electronic Resources  |s evans_pda  |d Available Online  |t 0  |e HD2744 .S86 2008eb  |h Library of Congress classification 
998 f f |a HD2744 .S86 2008eb  |t 0  |l Available Online